Hearts of Iron 4 Country Tags - Statistics

General Stats
  • This quiz has been taken 401 times
  • The average score is 63 of 82
Answer Stats
Country Country Tag % Correct
Afghanistan AFG
99%
Albania ALB
98%
Argentina ARG
98%
Austria AUS
93%
Belgium BEL
93%
Bhutan BHU
93%
Bolivia BOL
93%
Brazil BRA
93%
Bulgaria BUL
92%
Canada CAN
92%
China CHI
92%
Colombia COL
92%
British Raj RAJ
90%
Chile CHL
87%
Cuba CUB
87%
Czechoslovakia CZE
87%
Denmark DEN
87%
British Malaya MAL
87%
France FRA
86%
German Reich GER
86%
Greece GRE
86%
Dominican Republic DOM
85%
Finland FIN
85%
Estonia EST
84%
Ethiopia ETH
84%
Ecuador ECU
83%
Hungary HUN
83%
Australia AST
82%
Costa Rica COS
82%
Haiti HAI
82%
Honduras HON
82%
Guatemala GUA
81%
Ireland IRE
81%
Italy ITA
81%
Japan JAP
81%
Latvia LAT
81%
Liberia LIB
81%
Lithuania LIT
81%
Luxembourg LUX
81%
Mexico MEX
81%
Manchukuo MAN
80%
Mengkukuo MEN
80%
Mongolia MON
80%
Nepal NEP
80%
El Salvador ELS
79%
Norway NOR
78%
Oman OMA
77%
Panama PAN
77%
Paraguay PAR
77%
Nicaragua NIC
76%
Poland POL
76%
Portugal POR
76%
Romania ROM
76%
Iraq IRQ
75%
Philippines PHI
75%
Siam SIA
73%
Saudi Arabia SAU
72%
Soviet Union SOV
72%
Peru PRU
70%
Sweden SWE
70%
Switzerland SWI
69%
Iran PER
68%
Tannu Tuva TAN
67%
Tibet TIB
67%
Turkey TUR
67%
Shanxi SHX
65%
United States USA
64%
Communist China PRC
63%
Netherlands HOL
62%
South Africa SAF
61%
Venezuela VEN
60%
Yemen YEM
59%
United Kingdom ENG
58%
New Zealand NZL
58%
Yugoslavia YUG
58%
Sinkiang SIK
56%
Uruguay URG
56%
Yunnan YUN
56%
Xibei San Ma XSM
53%
Guangxi Clique GXC
51%
Spain SPR
43%
Dutch East Indies INS
33%
No matching quizzes found
Score Distribution
Percent of People with Each Score
Percentile by Number Answered
Your Score History
You have not taken this quiz